| 000 | 00369nam a2200157Ia 4500 | ||
|---|---|---|---|
| 005 | 20250422053545.0 | ||
| 008 | 240331s9999 xx 000 0 und d | ||
| 082 |
_a200.8 _bSIV |
||
| 100 | _aSivathamby, K | ||
| 245 | 0 | _aMathamum kavithaiyum | |
| 260 |
_aChennai _bMakkal Veliyidu _c1999 |
||
| 300 | _a95 p ., | ||
| 650 | _aKavithaikal | ||
| 650 | _aSamaiyam | ||
| 942 | _cL | ||
| 999 |
_c841 _d841 |
||